Plod'i vospitanija

Bibliographic Details
Main Author: Červeňák, Andrej, 1932-2012 (Author)
Format: Article
Language:Ukrainian

MARC

LEADER 00000nab a2200000 a 4500
001 vtls010806480
003 SK-MaSNL
005 20260303185101.0
008 230218s1958 xo |||||||||||||||||ukr|
035 |a (urnnbn)urn:nbn:sk:snk:ar-003fto 
035 |a (uuid)b337972a-1198-4bf4-bcc1-515f1bef2610 
035 |a urn:nbn:sk:snk-ab35o5 
040 |a SNKBUCL  |b slo  |c SNKBUCL  |e AACR2 
041 0 |a ukr 
044 |a xo  |c SK 
100 1 |a Červeňák, Andrej,  |d 1932-2012  |4 aut  |9 153402 
245 1 0 |a Plod'i vospitanija  |c Andrej Červenjak 
773 0 |t Duklja : literaturno-chudožnij ta hromads'ko-polityčnyj al'manach  |g Č. 2 (1958), s. 26-29 
958 |a OND 
958 |a EUIPO 
958 |a article2 
999 |c 2129669  |d 2131599